Größte Metropolregionen Nordamerika - Statistiken

Allgemein
  • Dieses Quiz wurde 44 mal gespielt
  • Das Durchschnittsergebnis liegt bei 17 aus 20
Antwortstatistiken
Länder Einwohner Antwort % Korrekt
USA 18.600.000 Greater Los Angeles Area
100%
USA 23.600.000 New York Metropolitan Area
100%
MEX 28.900.000 Zona Metropolitana del Valle de México
100%
USA 10.000.000 Chicago
97%
CAN / USA 9.680.000 Greater Toronto Area
95%
USA 7.660.000 San Francisco Bay Area
95%
USA 7.450.000 Dallas-Fort Worth
92%
USA 6.570.000 Houston
92%
USA 5.570.000 Miami
92%
USA 9.230.000 Washington Metropolitan Area
90%
CAN 4.290.000 Montreal
87%
USA 4.150.000 Seattle
87%
USA / CAN 6.600.000 Detroit-Windsor
82%
USA 7.410.000 Philadelphia
79%
USA / MEX 5.290.000 San Diego-Tijuana
79%
USA 6.300.000 Atlanta
74%
USA 7.550.000 Boston
74%
MEX 5.000.000 Guadalajara
72%
USA 4.850.000 Phoenix
67%
MEX 4.600.000 Área Metropolitana de Monterrey
51%
Keine übereinstimmenden Quizze gefunden
Verteilung der Resultate
Anzahl Personen mit jedem Resultat
Perzentil nach korrekt beantworteten Fragen
Ihre Resultats-Entwicklung
Sie haben dieses Quiz noch nicht gespielt